[Event "BCF-chT4b 0405 (4NCL)"]
[Site "Telford"]
[Date "2005.01.15"]
[Round "3.6"]
[White "Rhodes, Peter"]
[Black "Sutton, Louise"]
[Result "1-0"]
[WhiteElo "1815"]
[BlackElo "1450"]
[PlyCount "65"]
[EventDate "2004.11.06"]
[EventType "team"]
[EventRounds "11"]
[EventCountry "ENG"]
[SourceTitle "EXT 2006"]
[Source "ChessBase"]
[SourceDate "2005.11.24"]
[SourceVersion "1"]
[SourceVersionDate "2005.11.24"]
[SourceQuality "1"]
[WhiteTeam "Addlestone"]
[BlackTeam "SC Stars II"]
[WhiteTeamCountry "ENG"]
[BlackTeamCountry "ENG"]

1. Nf3 c6 2. g3 d5 3. Bg2 Nf6 4. d3 Bf5 5. Bg5 Nbd7 6. 0-0 e6 7. Na3 Be7 8. c4 0-0 9. cxd5 exd5 10. Nc2 Nc5 11. Ncd4 Bg6 12. Nh4 Qd7 13. Nxg6 fxg6 14. Qc2 Ne6 15. Nxe6 Qxe6 16. Qb3 Rab8 17. e4 Rfd8 18. exd5 cxd5 19. Rfe1 Qd6 20. Bf4 Qd7 21. Bxb8 Rxb8 22. Re2 Bc5 23. Qc3 b6 24. d4 Bd6 25. Rc1 Kf7 26. Qc6 Qxc6 27. Rxc6 Bf8 28. Rc7+ Kg8 29. Rxa7 Bd6 30. Re6 Bb4 31. a3 Bd2 32. Rc7 Ne8 33. Rcc6 1-0

[Event "BCF-chT4b 0405 (4NCL)"]
[Site "Telford"]
[Date "2004.11.06"]
[Round "1.2"]
[White "Tomboline, David"]
[Black "Sutton, Louise"]
[Result "1-0"]
[WhiteElo "1990"]
[BlackElo "1450"]
[PlyCount "53"]
[EventDate "2004.11.06"]
[EventType "team"]
[EventRounds "11"]
[EventCountry "ENG"]
[SourceTitle "EXT 2006"]
[Source "ChessBase"]
[SourceDate "2005.11.24"]
[SourceVersion "1"]
[SourceVersionDate "2005.11.24"]
[SourceQuality "1"]
[WhiteTeam "Brown Jack"]
[BlackTeam "SC Stars II"]
[WhiteTeamCountry "ENG"]
[BlackTeamCountry "ENG"]

1. d4 d5 2. Nf3 Nc6 3. Bf4 Nf6 4. e3 Bf5 5. c4 e6 6. Bd3 Bxd3 7. Qxd3 Be7 8. h3 Qd7 9. a3 g6 10. Nc3 0-0 11. 0-0 a6 12. b4 Na7 13. Ne5 Qe8 14. Bh6 Nc8 15. cxd5 Nh5 16. dxe6 f6 17. Bxf8 Bxf8 18. Nf3 Qxe6 19. d5 Qf7 20. Rac1 Ng7 21. Ne4 Ne8 22. Nc5 b6 23. Nxa6 Bd6 24. b5 Na7 25. a4 Rd8 26. Rfd1 f5 27. Ng5 1-0

[Event "BCF-chT3 0304 (4NCL)"]
[Site "West Bromwich"]
[Date "2004.06.20"]
[Round "11.8"]
[White "Barraclough, Stephanie"]
[Black "Sutton, Louise"]
[Result "1-0"]
[WhiteElo "1901"]
[BlackElo "1000"]
[PlyCount "45"]
[EventDate "2003.11.23"]
[EventType "team"]
[EventRounds "11"]
[EventCountry "ENG"]
[SourceTitle "EXT 2005"]
[Source "ChessBase"]
[SourceDate "2004.11.15"]
[SourceVersion "1"]
[SourceVersionDate "2004.11.15"]
[SourceQuality "1"]
[WhiteTeam "Slough II"]
[BlackTeam "South County Stars"]
[WhiteTeamCountry "ENG"]
[BlackTeamCountry "ENG"]

1. e4 e5 2. f4 Nc6 3. Nf3 f5 4. exf5 e4 5. Ne5 Nf6 6. d3 d5 7. dxe4 dxe4 8. Qxd8+ Nxd8 9. g4 Bd6 10. Bg2 b6 11. g5 Nd7 12. Nxd7 Kxd7 13. Nc3 Bb4 14. Bd2 Bb7 15. 0-0-0 Re8 16. Rhe1 Nf7 17. Nxe4 Bd6 18. Nxd6 Nxd6 19. Bxb7 Nxb7 20. Bc3+ Kc6 21. Bxg7 Nd6 22. f6 Nf5 23. Rxe8 1-0